[Event "C.to Provinciale Piacenza 2015"]
[Site "Piacenza ITA"]
[Date "2015.03.06"]
[Round "1"]
[White "Bonade, Massimo"]
[Black "Garofalo, Sergio"]
[Result "0-1"]
[WhiteElo "2114"]
[BlackElo "1732"]

1. d4 f5 2. g3 Nf6 3. Bg2 e6 4. c4 Be7 5. Nf3 O-O 6. O-O d6 7. Nc3 c6 8. Qc2
Na6 9. a3 Qe8 10. e4 fxe4 11. Nxe4 Nxe4 12. Qxe4 e5 13. dxe5 Nc5 14. Qe3 Qh5
15. b4 Na4 16. Qb3 Bg4 17. exd6 Bf6 18. c5+ Kh8 19. Bf4 Nc3 20. Rac1 Ne2+ 21.
Kh1 Nxc1 22. Bxc1 Rae8 23. Nd2 Bd4 24. Ne4 Rf3 25. Qc2 Qf5 26. d7 Qxd7 27. Nd6
Ref8 28. Bf4 Rxa3 29. Qe4 Bf6 30. h4 Be6 31. Qc2 Bd5 32. Bxd5 cxd5 33. Qd2 Qh3+
34. Kg1 Bxh4 35. Qxd5 Rxf4 36. gxf4 Bxf2+ 37. Kxf2 Qg3+ 38. Ke2 Qe3+ 39. Kd1
Rd3+ 40. Qxd3 Qxd3+ 41. Ke1 Qb1+ 42. Ke2 Qxb4 43. Rd1 Qxf4 44. Nxb7 h5 45. Nd6
Qe5+ 46. Kf3 Qxc5 47. Ne4 Qf5+ 48. Ke3 a5 49. Rd2 a4 50. Rf2 Qb5 51. Kf4 a3 52.
Rd2 Qa5 53. Re2 Qa6 54. Rd2 Qc8 55. Ke5 Qe8+ 56. Kf5 g6+ 57. Kf4 Qf7+ 58. Kg5
Qf5+ 59. Kh6 Qf4+ 60. Kxg6 Qxe4+ 61. Kxh5 Qf3+ 62. Kg6 Qg4+ 63. Kf6 Qf4+ 64.
Kg6 Qxd2 0-1

[Event "C.to Provinciale Piacenza 2015"]
[Site "Piacenza ITA"]
[Date "2015.03.06"]
[Round "1"]
[White "Trifoni, Giorgio"]
[Black "Vincenzi, Marco"]
[Result "0-1"]
[WhiteElo "1697"]
[BlackElo "2089"]

1. Nf3 Nf6 2. c4 c5 3. Nc3 d5 4. cxd5 Nxd5 5. g3 Nc6 6. Bg2 g6 7. Rb1 Bg7 8.
Qb3 Nb6 9. d3 Bf5 10. Be3 c4 11. Qb5 cxd3 12. O-O dxe2 13. Nxe2 Bd3 14. Qb3
Bxe2 15. Rfe1 Bc4 16. Bxb6 Bxb3 17. Bxd8 Bxa2 18. Ra1 Rxd8 19. Rxa2 O-O 20. b4
Bc3 21. Rb1 Bxb4 22. Ne5 Nxe5 23. Rxb4 Rd1+ 24. Bf1 Rc8 25. Kg2 Rcc1 26. Be2
Rg1+ 27. Kh3 g5 28. Rxa7 Rc6 29. Bh5 Rh6 30. Rh4 gxh4 31. Kxh4 Rg2 32. Kg5
Rxh5+ 33. Kxh5 Rxh2+ 34. Kg5 Rxf2 35. Kh6 f6 36. Ra8+ Kf7 37. Ra4 Rh2+ 38. Rh4
Rxh4+ 39. gxh4 f5 40. Kg5 f4 41. Kxf4 Ng6+ 42. Kg5 Nxh4 43. Kxh4 b5 0-1

[Event "C.to Provinciale Piacenza 2015"]
[Site "Piacenza ITA"]
[Date "2015.03.06"]
[Round "1"]
[White "Falsetti, Paolo"]
[Black "Losi, Paolo"]
[Result "1-0"]
[WhiteElo "1874"]
[BlackElo "1690"]

1. d4 Nf6 2. Bg5 e6 3. Nd2 Be7 4. Ngf3 Nd5 5. Bxe7 Nxe7 6. e4 d6 7. Bd3 Nd7 8.
Qe2 e5 9. dxe5 dxe5 10. Nc4 Nc6 11. Qd2 Qe7 12. Qc3 f6 13. Ne3 Nb6 14. Bb5 Bd7
15. O-O O-O 16. Nd5 Qf7 17. Rfd1 Nxd5 18. Rxd5 a6 19. Ba4 Rab8 20. Rad1 Be6 21.
Bb3 Rfd8 22. Qxc6 Bxd5 23. Qxd5 1-0

[Event "C.to Provinciale Piacenza 2015"]
[Site "Piacenza ITA"]
[Date "2015.03.06"]
[Round "1"]
[White "Forti, Francesco"]
[Black "Speciale, Francesco"]
[Result "0-1"]
[WhiteElo "1570"]
[BlackElo "1872"]

1. d4 d5 2. c4 e6 3. Nc3 Nf6 4. Bg5 c6 5. Nf3 Bb4 6. e3 Qa5 7. Qc2 Ne4 8. Rc1
Qxa2 9. Bh4 Nd7 10. Nd2 Nxc3 11. bxc3 Qxc2 12. Rxc2 Be7 13. Bg3 O-O 14. Bd3
dxc4 15. Nxc4 c5 16. Kd2 f5 17. Be2 cxd4 18. exd4 f4 0-1

[Event "C.to Provinciale Piacenza 2015"]
[Site "Piacenza ITA"]
[Date "2015.03.06"]
[Round "1"]
[White "Nordio, Giorgio"]
[Black "Biselli, Fabrizio"]
[Result "1-0"]
[WhiteElo "1865"]
[BlackElo "1451"]

1. c4 Nf6 2. g3 g6 3. Bg2 Bg7 4. Nc3 c5 5. Nf3 Nc6 6. O-O d5 7. d3 O-O 8. Re1
e6 9. Rb1 Ng4 10. h3 Nge5 11. Nxe5 Bxe5 12. cxd5 Bxc3 13. bxc3 exd5 14. Qb3 Ne7
15. Bh6 Re8 16. Bg5 d4 17. cxd4 Qxd4 18. Be3 Qe5 19. Bxb7 c4 20. Qxc4 Be6 21.
Qa4 Rad8 22. Bg2 Nf5 23. Bf4 Qc5 24. Rbc1 Qe7 25. Rc7 Qf6 26. Rxa7 Rxd3 27.
Qxe8+ Kg7 1-0

[Event "C.to Provinciale Piacenza 2015"]
[Site "Piacenza ITA"]
[Date "2015.03.06"]
[Round "1"]
[White "Sesenna, Andrea"]
[Black "Tagliaferri, Valerio"]
[Result "0-1"]
[WhiteElo "1440"]
[BlackElo "1824"]

1. e4 b6 2. Nf3 Bb7 3. Nc3 e6 4. d4 Nf6 5. Bg5 h6 6. Bh4 g5 7. Bg3 Nxe4 8. Nxe4
Bxe4 9. Nd2 Bb7 10. Qh5 Bg7 11. Nf3 d6 12. Bb5+ Nd7 13. O-O a6 14. Bxd7+ Qxd7
15. c4 O-O-O 16. Qh3 f5 17. Nxg5 hxg5 18. Qxh8 Rxh8 19. f4 Bxd4+ 20. Bf2 Bxf2+
21. Rxf2 Qh7 22. h3 g4 23. Re1 Kd7 24. Kf1 gxh3 25. gxh3 Qxh3+ 26. Ke2 Be4 27.
b4 Qd3# 0-1

[Event "C.to Provinciale Piacenza 2015"]
[Site "Piacenza ITA"]
[Date "2015.03.07"]
[Round "2"]
[White "Vincenzi, Marco"]
[Black "Nordio, Giorgio"]
[Result "1-0"]
[WhiteElo "2089"]
[BlackElo "1865"]

1. d4 c6 2. c4 d5 3. Nf3 Nf6 4. Nc3 a6 5. a4 e6 6. g3 Nbd7 7. Bg2 dxc4 8. O-O
Be7 9. e4 O-O 10. Qe2 Bb4 11. Rd1 Re8 12. Ne5 Qe7 13. Nxc4 c5 14. d5 exd5 15.
Nxd5 Nxd5 16. Rxd5 Nf6 17. Rd1 Be6 18. Nd6 Red8 19. e5 Bb3 20. Bf4 Bxd1 21.
Rxd1 Ne8 22. Qg4 Qe6 23. Qxe6 fxe6 24. Bxb7 Ra7 25. Bc8 Nc7 26. Bg5 Rf8 27. Be7
Rf3 28. Bd8 Kf8 29. Nc4 Ke8 30. Rd7 Rf7 31. Nd6+ 1-0

[Event "C.to Provinciale Piacenza 2015"]
[Site "Piacenza ITA"]
[Date "2015.03.07"]
[Round "2"]
[White "Tagliaferri, Valerio"]
[Black "Falsetti, Paolo"]
[Result "0-1"]
[WhiteElo "1824"]
[BlackElo "1874"]

1. d4 Nf6 2. Nf3 d5 3. e3 c6 4. Bd3 Bg4 5. Nbd2 Nbd7 6. h3 Bh5 7. g4 Bg6 8. b3
Qa5 9. O-O e6 10. Ne5 Nxe5 11. dxe5 Qc3 12. Rb1 Qxe5 13. Bb2 Qc7 14. Qf3 e5 15.
e4 d4 16. Qg3 Bb4 17. Rfd1 O-O-O 18. f3 Rhe8 19. a3 Bf8 20. a4 Bb4 21. Nc4 Nd7
22. Ra1 Nb6 23. Rdb1 f6 24. Ba3 Bc3 25. Bb2 Bxb2 26. Nxb2 Bf7 27. a5 Nd7 28. b4
h5 29. Kg2 hxg4 30. hxg4 Nf8 31. Rh1 Ng6 32. Qe1 Nf4+ 33. Kg3 Rh8 34. Qd2 Be6
35. Be2 g6 36. Nd3 Nxe2+ 37. Qxe2 Bc4 38. Qg2 Bxd3 39. cxd3 Qe7 40. Qd2 Rh7 41.
Rxh7 Qxh7 42. Qg2 Rh8 43. Kf2 Qh6 44. Rd1 Qf4 45. Kg1 Kc7 46. Rd2 Kd6 47. Rd1
b6 48. axb6 axb6 49. Rd2 c5 50. bxc5+ bxc5 51. Rd1 g5 52. Rd2 Qe3+ 53. Qf2 Rh3
54. Kg2 Rxf3 55. Qxe3 Rxe3 56. Rf2 Ke6 57. Rd2 c4 58. dxc4 Rxe4 59. c5 Kd5 60.
Rc2 Rxg4+ 61. Kf3 Rf4+ 62. Kg3 Kc6 63. Rc4 d3 0-1

[Event "C.to Provinciale Piacenza 2015"]
[Site "Piacenza ITA"]
[Date "2015.03.07"]
[Round "2"]
[White "Speciale, Francesco"]
[Black "Garofalo, Sergio"]
[Result "1-0"]
[WhiteElo "1872"]
[BlackElo "1732"]

1. d4 Nf6 2. Nf3 d6 3. Nbd2 Nbd7 4. e4 e5 5. Bc4 Be7 6. c3 O-O 7. h3 c6 8. dxe5
Nxe5 9. Nxe5 dxe5 10. Qe2 a5 11. a4 Nd7 12. Nf3 Bf6 13. Be3 Qc7 14. Rd1 Nb6 15.
Bb3 c5 16. O-O Bd7 17. Qc2 Rac8 18. Nd2 Qc6 19. Nc4 Nxc4 20. Bxc4 Be6 21. Bb5
Qc7 22. Rd2 Qe7 23. f4 exf4 24. Bxf4 Bg5 25. Bd6 Be3+ 26. Kh1 Qg5 27. Re2 Rfd8
28. Bh2 c4 29. Rf3 Bb6 30. Bf4 Qh5 31. Rg3 Rd3 32. Rxd3 cxd3 33. Qxd3 Rd8 34.
Qc2 Bxh3 35. Bh2 Bg4 36. Rd2 Rxd2 37. Qxd2 Bc7 38. e5 h6 39. Qf4 Bf5 40. Bc4
Qd1+ 41. Qf1 Qc2 42. Bg3 Qe4 43. Qe2 Qxe2 44. Bxe2 Kf8 45. Bf3 b6 46. Bf2 Ke7
47. Bd5 Be6 48. Be4 Bd7 49. Bc2 Bc6 50. Kg1 g5 51. Be3 Ke6 52. Bb3+ Ke7 53. Bd4
h5 54. Be3 Bxe5 55. Bxb6 Bd6 56. Bxa5 Bc5+ 57. Kf1 f5 58. Bb4 Kd6 59. Bxc5+
Kxc5 60. Bc2 f4 61. b3 g4 62. Bd3 Bd7 63. b4+ Kb6 64. a5+ Ka7 65. b5 Be6 66. c4
h4 67. b6+ Kb7 68. Be4+ Kb8 69. Bd5 Bc8 70. c5 f3 71. gxf3 g3 72. c6 Bf5 73.
Kg2 h3+ 74. Kxg3 h2 75. Kxh2 Bd7 76. c7+ Kc8 77. a6 1-0

[Event "C.to Provinciale Piacenza 2015"]
[Site "Piacenza ITA"]
[Date "2015.03.07"]
[Round "2"]
[White "Biselli, Fabrizio"]
[Black "Trifoni, Giorgio"]
[Result "0-1"]
[WhiteElo "1451"]
[BlackElo "1697"]

1. e4 c5 2. c3 Nf6 3. e5 Nd5 4. d4 cxd4 5. cxd4 e6 6. Nc3 Bb4 7. Bd2 Qa5 8. Qb3
Nc6 9. Nf3 b6 10. Bd3 Ba6 11. Ne4 Bxd2+ 12. Nexd2 Nf4 13. Bxa6 Qxa6 14. Nc4 O-O
15. O-O-O Rac8 16. Kb1 Na5 17. Nxa5 Qxa5 18. g3 Ne2 19. Qd3 Nc3+ 20. bxc3 Rxc3
21. Qe2 Rfc8 22. Nd2 Rc2 0-1

[Event "C.to Provinciale Piacenza 2015"]
[Site "Piacenza ITA"]
[Date "2015.03.07"]
[Round "2"]
[White "Losi, Paolo"]
[Black "Forti, Francesco"]
[Result "1/2-1/2"]
[WhiteElo "1690"]
[BlackElo "1570"]

1. d4 Nf6 2. Nf3 g6 3. Bg5 Bg7 4. c3 d6 5. Nbd2 Nbd7 6. e3 h6 7. Bxf6 Nxf6 8.
Bd3 c5 9. Qc2 b6 10. O-O-O cxd4 11. exd4 Bd7 12. h3 b5 13. Rhe1 a5 14. Nh4 O-O
15. g4 b4 16. c4 a4 17. Qb1 e6 18. Bxg6 fxg6 19. Nxg6 Re8 20. Qd3 Nh7 21. Nf3
Nf8 22. Kb1 Nxg6 23. Qxg6 Qf6 24. Qxf6 Bxf6 25. Rd3 Rac8 26. Nd2 Bg5 27. Ne4
Rc6 28. Nxg5 hxg5 29. b3 axb3 30. axb3 Rf8 31. Rd2 Rcc8 32. Ra2 Rf3 33. Re3
Rxe3 34. fxe3 Rf8 35. Ra7 Be8 36. Ra6 Rf3 37. Rxd6 Rxe3 38. Kc2 Bg6+ 39. Kd2
Rxb3 40. Rxe6 Kf7 41. Rb6 Rb2+ 42. Ke3 b3 43. c5 Rb1 44. d5 Ke7 45. Rb7+ Kd8
46. d6 Be8 47. Kd2 b2 48. Kc3 Rc1+ 49. Kxb2 Rxc5 50. Rg7 Rd5 51. Kc3 Bc6 52.
Kc4 Rxd6 53. Rxg5 Rh6 54. Rh5 Rxh5 55. gxh5 1/2-1/2

[Event "C.to Provinciale Piacenza 2015"]
[Site "Piacenza ITA"]
[Date "2015.03.07"]
[Round "3"]
[White "Falsetti, Paolo"]
[Black "Vincenzi, Marco"]
[Result "0-1"]
[WhiteElo "1874"]
[BlackElo "2089"]

1. d4 Nf6 2. Bg5 Ne4 3. Bf4 c5 4. dxc5 Nc6 5. c3 e5 6. Qc2 d5 7. cxd6 Bf5 8. g4
Bg6 9. Bg2 Nc5 10. Qc1 exf4 11. Qxf4 Bxd6 12. Qc1 Qe7 13. Nd2 0-1

[Event "C.to Provinciale Piacenza 2015"]
[Site "Piacenza ITA"]
[Date "2015.03.07"]
[Round "3"]
[White "Nordio, Giorgio"]
[Black "Speciale, Francesco"]
[Result "1-0"]
[WhiteElo "1865"]
[BlackElo "1872"]

1. c4 Nf6 2. g3 e5 3. Bg2 c6 4. d4 exd4 5. Qxd4 d6 6. Nf3 Be7 7. O-O Nbd7 8.
Nc3 Qb6 9. Rd1 Qxd4 10. Nxd4 Ne5 11. f4 Nxc4 12. Nxc6 Bd7 13. Nxe7 Kxe7 14. b3
Ne5 15. Ba3 Ke8 16. Rxd6 Rc8 17. Ne4 Nxe4 18. Bxe4 Nc6 19. Rad1 Be6 20. f5 1-0

[Event "C.to Provinciale Piacenza 2015"]
[Site "Piacenza ITA"]
[Date "2015.03.07"]
[Round "3"]
[White "Trifoni, Giorgio"]
[Black "Tagliaferri, Valerio"]
[Result "0-1"]
[WhiteElo "1697"]
[BlackElo "1824"]

1. Nf3 b6 2. c4 Bb7 3. Nc3 Nf6 4. d3 g6 5. e4 d6 6. Be3 Bg7 7. Rb1 a5 8. Nd5
Nbd7 9. Qc1 h6 10. h3 e6 11. Nxf6+ Nxf6 12. Qc2 O-O 13. Be2 Qe7 14. O-O e5 15.
Nh4 Bc8 16. f4 exf4 17. Rxf4 Nh7 18. Rbf1 Be5 19. Nxg6 fxg6 20. Rxf8+ Nxf8 21.
Bxh6 Bd4+ 22. Kh1 Bd7 23. Qd2 Qe5 24. Bf4 Qh8 25. b3 Ne6 26. Bg4 Rf8 27. Rf3
Nc5 28. Bxd7 Nxd7 29. Bh6 Rxf3 30. gxf3 Bg7 31. Bxg7 Qxh3+ 32. Kg1 Qg3+ 33. Qg2
Qxg2+ 34. Kxg2 Kxg7 35. d4 g5 36. Kg3 Kf6 37. Kg4 c5 38. dxc5 Ne5+ 39. Kg3 bxc5
40. f4 gxf4+ 41. Kxf4 Nd3+ 42. Ke3 Nc1 43. a3 Nxb3 44. Kd3 a4 0-1

[Event "C.to Provinciale Piacenza 2015"]
[Site "Piacenza ITA"]
[Date "2015.03.07"]
[Round "3"]
[White "Garofalo, Sergio"]
[Black "Sesenna, Andrea"]
[Result "1-0"]
[WhiteElo "1732"]
[BlackElo "1440"]

1. d4 Nf6 2. Nf3 g6 3. g3 Bg7 4. Bg2 Nc6 5. O-O h6 6. c4 e6 7. Nc3 d5 8. cxd5
exd5 9. Bf4 Nh5 10. Bd2 Qe7 11. Nxd5 Qd6 12. e4 Bxd4 13. Nxd4 Nxd4 14. Bc3 c5
15. e5 Qxe5 16. Re1 Bg4 17. Rxe5+ Be6 18. Nc7+ Ke7 19. Bxd4 cxd4 20. Nxe6 fxe6
21. Qb3 Kf6 22. Rxe6+ Kf5 23. Qd5+ Kg4 24. h3# 1-0

[Event "C.to Provinciale Piacenza 2015"]
[Site "Piacenza ITA"]
[Date "2015.03.07"]
[Round "3"]
[White "Forti, Francesco"]
[Black "Biselli, Fabrizio"]
[Result "1-0"]
[WhiteElo "1570"]
[BlackElo "1451"]

1. d4 Nf6 2. c4 c5 3. d5 b5 4. cxb5 a6 5. bxa6 Bxa6 6. Nc3 g6 7. g3 d6 8. Bg2
Bg7 9. Bd2 O-O 10. Nf3 Nbd7 11. O-O Nb6 12. Bc1 Qd7 13. Re1 Rfb8 14. e4 Nc4 15.
Qc2 Ng4 16. b3 Nce5 17. Nxe5 Nxe5 18. Rd1 c4 19. bxc4 Bxc4 20. Rb1 Qc7 21.
Rxb8+ Rxb8 22. Ne2 Qa5 23. a3 Bb3 24. Qd2 Bxd1 25. Qxa5 Bxe2 26. Qc7 Rb1 27.
Qc8+ Bf8 28. Qc2 Bd3 29. Qd2 h5 30. f4 Bh6 31. Kf2 Bb5 32. Bf1 Ng4+ 33. Kg1
Bxf1 34. Kxf1 Nxh2+ 35. Ke2 Ng4 36. a4 Rb3 37. Qe1 1-0

[Event "C.to Provinciale Piacenza 2015"]
[Site "Piacenza ITA"]
[Date "2015.03.08"]
[Round "4"]
[White "Vincenzi, Marco"]
[Black "Speciale, Francesco"]
[Result "1/2-1/2"]
[WhiteElo "2089"]
[BlackElo "1872"]

1. d4 Nf6 2. c4 e6 3. Nf3 b6 4. a3 Bb7 5. Nc3 Be7 6. d5 O-O 7. e4 exd5 8. cxd5
d6 9. Bd3 Nbd7 10. O-O c6 11. Re1 Re8 12. dxc6 Bxc6 13. Nd4 Bb7 14. Bb5 Rc8 15.
Nf5 a6 16. Bxd7 Qxd7 17. Bg5 Qe6 18. Qd4 b5 19. Nxe7+ Rxe7 20. Rad1 Rd7 21.
Bxf6 Rc4 22. Qd3 Qxf6 23. Nd5 Bxd5 24. Qxd5 Qd8 25. e5 Rc5 26. Qd3 d5 27. e6
fxe6 28. Rxe6 Qa8 29. h3 Rc6 30. Qf5 Rcc7 31. Qe5 Rc8 32. Re7 Rxe7 33. Qxe7 Re8
34. Qd7 Rd8 35. Qe6+ Kh8 36. Rd4 h6 37. Qf7 Qc6 38. Kh2 Qd6+ 39. g3 Rf8 40.
Rxd5 Qb8 41. Qe7 Rxf2+ 42. Kh1 Qa8 43. Qd8+ Qxd8 44. Rxd8+ Kh7 1/2-1/2

[Event "C.to Provinciale Piacenza 2015"]
[Site "Piacenza ITA"]
[Date "2015.03.08"]
[Round "4"]
[White "Garofalo, Sergio"]
[Black "Falsetti, Paolo"]
[Result "1/2-1/2"]
[WhiteElo "1732"]
[BlackElo "1874"]

1. d4 Nf6 2. Nf3 g6 3. g3 Bg7 4. Bg2 O-O 5. O-O d6 6. c4 c6 7. Nc3 Nbd7 8. e4
e5 9. d5 Qe7 10. h3 h6 11. Nh4 Nb6 12. b3 Kh7 13. Be3 Ne8 14. a4 c5 15. a5 Nd7
16. Qd3 Ndf6 17. Kh2 Nc7 18. Rae1 Bd7 19. f4 Nh5 20. f5 Nf4 21. Bxf4 exf4 22.
fxg6+ fxg6 23. Nxg6 Kxg6 24. gxf4 Kh7 25. e5+ Bf5 26. Be4 Bxe4 27. Nxe4 Kh8 28.
exd6 Qh4 29. Ng3 Ne8 30. d7 Nf6 31. Nf5 Ng4+ 32. Kg2 Rxf5 33. Qxf5 Nf6 34. Qg6
Nxd7 35. Re8+ Rxe8 36. Qxe8+ Nf8 37. d6 Qf6 38. d7 Qc6+ 39. Kg3 Qxd7 40. Qxd7
Nxd7 41. Rd1 Nf8 42. a6 bxa6 43. Rd6 a5 44. Ra6 Bc3 45. Rxh6+ Kg7 46. Ra6 Ng6
47. Rxa7+ Kf6 48. Kg4 Bd2 49. Ra6+ Kf7 50. Kf5 Nxf4 51. Ra7+ Kg8 52. h4 Kf8 53.
Rd7 Bc1 54. Rd1 Ne2 55. h5 Nd4+ 56. Kg6 Be3 57. h6 Bxh6 58. Kxh6 Nxb3 59. Rd8+
Ke7 60. Rb8 Nd2 61. Rb5 Kd6 62. Rxa5 Nxc4 1/2-1/2

[Event "C.to Provinciale Piacenza 2015"]
[Site "Piacenza ITA"]
[Date "2015.03.08"]
[Round "4"]
[White "Tagliaferri, Valerio"]
[Black "Nordio, Giorgio"]
[Result "1/2-1/2"]
[WhiteElo "1824"]
[BlackElo "1865"]

1. d4 c6 2. Nf3 d5 3. e3 Nf6 4. Nbd2 Bf5 5. Nh4 Bg6 6. Nxg6 hxg6 7. Bd3 e6 8.
c3 Nbd7 9. e4 dxe4 10. Nxe4 Nxe4 11. Bxe4 Qc7 12. g3 Nf6 13. Bf4 Bd6 14. Bxd6
Qxd6 15. Bg2 O-O 16. O-O Rfd8 17. Qc2 Qc7 18. Rfe1 Nd5 19. a3 Rd6 20. Rad1 Rad8
1/2-1/2

[Event "C.to Provinciale Piacenza 2015"]
[Site "Piacenza ITA"]
[Date "2015.03.08"]
[Round "4"]
[White "Losi, Paolo"]
[Black "Trifoni, Giorgio"]
[Result "1-0"]
[WhiteElo "1690"]
[BlackElo "1697"]

1. d4 Nf6 2. Nf3 g6 3. c3 b6 4. Bg5 Bg7 5. Nbd2 Ba6 6. Qc2 d5 7. h3 O-O 8. h4
Nbd7 9. O-O-O c5 10. e3 Bxf1 11. Nxf1 cxd4 12. exd4 Qc7 13. Ng3 h5 14. Rhe1
Rfe8 15. Qd2 e5 16. dxe5 Nxe5 17. Nxe5 Rxe5 18. Bf4 Rae8 19. Rxe5 Rxe5 20. Qd4
Ne4 21. Nxe4 Qe7 22. Bxe5 Bxe5 23. Qxd5 Bf4+ 24. Kb1 Kg7 25. g3 Bc7 26. Ka1 a5
27. Ng5 Be5 28. Qd7 Qf6 29. Qd2 Qf5 30. f4 Bf6 31. Qd7 Bxg5 32. Qxf5 1-0

[Event "C.to Provinciale Piacenza 2015"]
[Site "Piacenza ITA"]
[Date "2015.03.08"]
[Round "4"]
[White "Sesenna, Andrea"]
[Black "Forti, Francesco"]
[Result "0-1"]
[WhiteElo "1440"]
[BlackElo "1570"]

1. d4 Nf6 2. c4 g6 3. Nf3 Bg7 4. Nc3 O-O 5. e4 d6 6. Be2 Nfd7 7. O-O Nc6 8. d5
Nce5 9. Bd2 Nxf3+ 10. Bxf3 c6 11. Rc1 c5 12. Bg4 a6 13. a4 Rb8 14. Bf4 Ne5 15.
Bxc8 Qxc8 16. Bxe5 Bxe5 17. h3 Qd7 18. f4 Bg7 19. Qg4 Qxg4 20. hxg4 b6 21. Rf2
Bxc3 22. Rxc3 b5 23. b3 bxa4 24. bxa4 Rb4 25. a5 Ra4 26. Rd2 Rxa5 27. e5 Rb8
28. Kh2 Ra1 29. Rcd3 Rc1 30. exd6 exd6 31. Re3 Rxc4 32. g3 a5 33. Ra2 Rd4 34.
Rxa5 Rxd5 35. f5 gxf5 36. gxf5 Rxf5 37. g4 Rf6 38. g5 Re6 39. Rxe6 fxe6 40. Ra7
c4 41. Ra6 Rc8 42. Rxd6 c3 43. Rd1 c2 44. Rc1 Kg7 45. Kh3 Rc4 0-1

[Event "C.to Provinciale Piacenza 2015"]
[Site "Piacenza ITA"]
[Date "2015.03.08"]
[Round "5"]
[White "Tagliaferri, Valerio"]
[Black "Vincenzi, Marco"]
[Result "0-1"]
[WhiteElo "1824"]
[BlackElo "2089"]

1. Nf3 Nf6 2. d4 c5 3. e3 g6 4. Nbd2 Bg7 5. c3 O-O 6. Be2 d6 7. O-O Nc6 8. b3
e5 9. dxe5 dxe5 10. e4 Qe7 11. Qc2 Rd8 12. Bb2 Nh5 13. g3 Bh6 14. Rad1 Bh3 15.
Rfe1 a6 16. Nh4 Nf4 17. Bf1 Bxf1 18. Kxf1 Nd3 19. Re2 b5 20. Ng2 Rd7 21. Ne3
Bxe3 22. Rxe3 Rad8 23. Nf3 c4 24. Rd2 Qe6 25. Kg2 h5 26. h3 Kg7 27. Bc1 f6 28.
b4 g5 29. Ne1 Nxc1 30. Rxd7+ Qxd7 31. Qxc1 Qd2 32. Qb1 g4 33. h4 Kg6 34. Kf1
Qd1 35. Qxd1 Rxd1 36. Re2 Nd4 37. Rb2 Nf3 38. Re2 Rc1 39. Re3 f5 40. exf5+ Kxf5
41. Re2 Rxc3 42. Nxf3 gxf3 43. Re1 Rc2 44. Ra1 Rb2 45. Ke1 Re2+ 46. Kf1 c3 47.
Rc1 Rxa2 0-1

[Event "C.to Provinciale Piacenza 2015"]
[Site "Piacenza ITA"]
[Date "2015.03.08"]
[Round "5"]
[White "Falsetti, Paolo"]
[Black "Forti, Francesco"]
[Result "1-0"]
[WhiteElo "1874"]
[BlackElo "1570"]

1. d4 Nf6 2. Bg5 g6 3. Bxf6 exf6 4. c4 f5 5. Nc3 Bg7 6. Nf3 O-O 7. Qd2 d6 8.
O-O-O Nd7 9. e3 Nf6 10. Qc2 Re8 11. Nd2 Bd7 12. h3 a6 13. Rg1 Qb8 14. Be2 b5
15. Bf3 Ra7 16. c5 c6 17. Nb3 a5 18. cxd6 Qxd6 19. Nc5 Rb8 20. g4 Ne8 21. Nxd7
Qxd7 22. gxf5 a4 23. Bg4 Qb7 24. Ne4 b4 25. Qc5 Bf8 26. Qc4 Kh8 27. Nc5 Bxc5
28. Qxc5 Kg8 29. h4 Nf6 30. Bf3 Nd7 31. Qd6 Rc8 32. fxg6 hxg6 33. h5 Nf8 34.
hxg6 fxg6 35. Be4 Rc7 36. Bxg6 Nxg6 37. Qxg6+ Rg7 38. Qe8+ 1-0

[Event "C.to Provinciale Piacenza 2015"]
[Site "Piacenza ITA"]
[Date "2015.03.08"]
[Round "5"]
[White "Speciale, Francesco"]
[Black "Losi, Paolo"]
[Result "1-0"]
[WhiteElo "1872"]
[BlackElo "1690"]

1. d4 Nf6 2. Nf3 e6 3. Bg5 d5 4. Nbd2 c5 5. e3 cxd4 6. exd4 a6 7. Bd3 Be7 8. c3
Nh5 9. Bxe7 Qxe7 10. g3 Nf6 11. Ne5 Bd7 12. a4 Bc6 13. Qe2 Qd6 14. b4 a5 15. b5
Bd7 16. O-O b6 17. Qe3 h6 18. c4 O-O 19. c5 Qc7 20. Rac1 Ra7 21. Bb1 Be8 22. c6
Qe7 23. h3 Rc7 24. g4 Nh7 25. Qd3 g6 26. Qg3 Qd6 27. Qe3 Kg7 28. Nd3 g5 29. Nf3
f6 30. Kg2 Bg6 31. Rfe1 Re8 32. h4 Be4 33. Rh1 Rh8 34. Nde1 Bxb1 35. Rxb1 Nxc6
36. bxc6 Rxc6 37. Nd3 Rc3 38. hxg5 hxg5 39. Qd2 Rhc8 40. Rhc1 R3c4 41. Rh1 Rc2
42. Qe3 R2c3 43. Rh5 Rh8 44. Rbh1 Rcc8 45. Nxg5 Nxg5 46. Rxg5+ fxg5 47. Qxg5+
1-0

[Event "C.to Provinciale Piacenza 2015"]
[Site "Piacenza ITA"]
[Date "2015.03.08"]
[Round "5"]
[White "Nordio, Giorgio"]
[Black "Garofalo, Sergio"]
[Result "1/2-1/2"]
[WhiteElo "1865"]
[BlackElo "1732"]

1. c4 Nf6 2. g3 g6 3. Bg2 Bg7 4. Nc3 c6 5. Nf3 O-O 6. O-O d6 7. d3 Bg4 8. Rb1
Qc8 9. Re1 Bh3 10. Bh1 h6 11. b4 Na6 12. b5 Nc7 13. Nd2 Bd7 14. a4 Nh7 15. Qb3
Rb8 16. Bb2 Ng5 17. Nf3 Nh3+ 18. Kf1 f5 19. Ng1 f4 20. Nxh3 fxg3 21. hxg3 Bxh3+
22. Kg1 Qf5 23. Nd1 e5 24. Ba3 Rf6 25. bxc6 b6 26. Qa2 Rbf8 27. a5 Qh5 28. Bg2
Kh7 29. axb6 axb6 30. Rf1 Ne6 31. f3 Ng5 32. Nf2 e4 33. Nxe4 Nxe4 34. dxe4 R6f7
35. Bb2 Qc5+ 36. Kh2 Be6 37. Rbc1 Qh5+ 38. Kg1 b5 39. Bxg7 Qc5+ 40. Kh2 Qh5+
41. Kg1 Rxg7 42. Qa3 Bxc4 43. Qxd6 Rc8 44. Rf2 Rgc7 45. Bf1 Rxc6 46. Qe7+ Kg8
47. Rh2 Qg5 48. Qxg5 hxg5 49. e3 Bxf1 50. Rxf1 Rc3 51. Rb2 Rb8 52. Kf2 Rc4 53.
Rfb1 b4 54. Ke2 g4 55. f4 Rxe4 56. Kd3 Rbe8 57. Re1 1/2-1/2